000
00337 a2200157 4500
001
158976
020
_a
040
_c
Magnum
100
_a
Murgel Branco, Samuel
240
1
0
_a
Natureza e agroquimicos
_l
por
245
1
0
_a
Natureza e agroquimicos
362
0
_a
1899
440
1
_a
Moderna
697
_a
MAGNITO: COLECAO
942
_c
BK
999
_c
158976
_d
158976